Programación con el lenguaje PASCAL

Saved in:
Bibliografiske detaljer
Main Authors: Sanchís Llorca, F. J (Author), Morales Lozano, A (Author)
Format: Bog
Sprog:spansk
Udgivet: Madrid Paraninfo 1984
Udgivelse:4a. ed
Fag:
Tags: Tilføj Tag
Ingen Tags, Vær først til at tagge denne postø!

MARC

LEADER 00000nam a2200000 a 4500
001 UCV4494
003 CL-VaPUC
008 930824e19840000SP |||||||||||||||||spa|d
082 0 4 |a 005.133  |b SAN  |2 21 
100 0 |a Sanchís Llorca, F. J  |e author  |9 298738 
700 0 |a Morales Lozano, A  |e author  |9 298739 
245 1 0 |a Programación con el lenguaje PASCAL 
250 |a 4a. ed 
300 |a 353 p 
942 |c BK 
945 |d 19930824 00:00:00 
260 |a Madrid  |b Paraninfo  |c 1984 
650 7 |a PASCAL  |2 CL-VaPUC  |9 260074 
650 0 |a Lenguajes de programación   |9 259458 
650 0 |a Computadores  |9 258188 
583 |a last modification  |c 20190713 21:44:25  |k Rodrigo Vera 
999 |c 211296  |d 211294 
952 |0 0  |1 0  |4 0  |6 005_133000000000000_SAN_1984  |7 0  |8 P  |9 190116  |a BIBING  |b BIBING  |d 2019-11-14  |i 2578123  |o 005.133 SAN 1984  |p 2578123  |r 2025-01-20  |w 2019-11-14  |y BK  |k ING 
952 |0 0  |1 0  |4 0  |6 005_133000000000000_SAN_1984  |7 0  |8 P  |9 190117  |a BIBING  |b BIBING  |d 2019-11-14  |i 257814K  |o 005.133 SAN 1984  |p 257814K  |r 2023-03-02  |w 2019-11-14  |y BK  |k ING